000
00292nam a2200109Ia 4500
008
171211s9999 xx 000 0 und d
245
_a
Principles of Management
245
_c
Charles W. L. Hill
260
_c
2007
650
_x
BUSINESS
856
_u
http://down.ebook777.com/063/0073530123.pdf
999
_c
349472
_d
349472